Statistics for James Newton Howard Filmography

Click here to take the quiz!

General Stats

  • This quiz has been taken 4 times
  • The average score is 7 of 134

Answer Stats

YearFilm% Correct
2005Batman Begins
50%
2006Lady in the Water
50%
2008The Dark Knight
50%
2012The Hunger Games
50%
2004The village
50%
2000Unbreakable
50%
2016Fantastic Beasts and Where to Find Them
25%
2018Fantastic Beasts: The Crimes of Grindlewald
25%
2022Fantastic Beasts: The Secrets of Dumbledore
25%
2005King Kong
25%
2003Peter Pan
25%
2018Red Sparrow
25%
2012Snow White and the Huntsman
25%
1996Space Jam
25%
1993The Fugitive
25%
2013The Hunger Games: Catching Fire
25%
2014The Hunger Games: Mockingjay – Part 1
25%
2015The Hunger Games: Mockingjay – Part 2
25%
2016The Huntsman: Winter's War
25%
1999The Sixth Sense
25%
19868 Million Ways to Die
0%
2013After Earth
0%
2019A Hidden Life
0%
1993Alive
0%
1992American Heart
0%
2001America's Sweethearts
0%
1998A Perfect Muder
0%
2001Atlantis: The Lost Empire
0%
2002Big Trouble
0%
2006Blood Diamond
0%
1987Campus Man
0%
2007Charlie Wilson's War
0%
2004Collateral
0%
2015Concussion
0%
2009Confessions of a Shopaholic
0%
1990Coupe de Ville
0%
2014Cut Bank
0%
1997Dante's Peak
0%
2012Darling Companion
0%
1993Dave
0%
2008Defiance
0%
2017Detroit
0%
1992Diggstown
0%
2000Dinosaur
0%
2003Dreamcatcher
0%
2009Duplicity
0%
1991Dying Young
0%
1988Everybody's All-American
0%
1996Eye for an Eye
0%
1993Falling Down
0%
1997Father's Day
0%
1987Five Corners
0%
1990Flatliners
0%
2006Freedomland
0%
1995French Kiss
0%
1992Glengarry Glen Ross
0%
2011Gnomeo & Juliet
0%
1991Grand Canyon
0%
2011Green Lantern
0%
1991Guilty by Suspicion
0%
1985Head Office
0%
2004Hidalgo
0%
2007I Am Legend
0%
1994Intersection
0%
2009It's Complicated
0%
2021Jungle Cruise
0%
1994Junior
0%
1995Just Cause
0%
1991King Ralph
0%
2011Larry Crowne
0%
2010Love & Other Drugs
0%
2008Mad Money
0%
1989Major League
0%
2014Maleficant
0%
1990Marked For Death
0%
2007Michael Clayton
0%
1999Mumford
0%
1997My Best Friend's Wedding
0%
1991My Girl
0%
2010Nanny McPhee and the Big Bang
0%
2020News of the World
0%
1992Night and the City
0%
2014Nightcrawler
0%
1986Nobody's Fool
0%
1988Off Limits
0%
1996One Fine Day
0%
1995Outbreak
0%
2013Parkland
0%
2014Pawn Sacrifice
0%
1990Pretty Woman
0%
1996Primal Fear
0%
1987Promised Land
0%
2021Raya and the Last Dragon
0%
1995Restoration
0%
2017Roman J. Israel, Esq.
0%
1999Runaway Bride
0%
1987Russkies
0%
2006RV
0%
2010Salt
0%
2002Signs
0%
1999Snow Falling on Cedars
0%
1988Some Girls
0%
1999Stir of Echoes
0%
1989Tap
0%
2012The Bourne Legacy
0%
1997The Devil's Advocate
0%
2002The Emperor's Club
0%
2007The Great Debators
0%
2011The Green Hornet
0%
2008The Happening
0%
2005The Interpreter
0%
1996The Juror
0%
2010The Last Airbender
0%
2007The Lookout
0%
1991The Man in the Moon
0%
2018The Nutcraker and the Four Realms
0%
1989The Package
0%
1997The Postman
0%
1991The Prince of Tides
0%
1996The Rich Man's Wife
0%
1993The Saint of Fort Washington
0%
2010The Tourist
0%
1996The Trigger Effect
0%
2007The Water Horse: Legend of the Deep
0%
1990Three Men and a Little Lady
0%
1986Tough Guys
0%
2002Treasure Planet
0%
2002Unconditional Love
0%
2000Vertical Limit
0%
2011Water for Elephants
0%
1995Waterworld
0%
1999Wayward Son
0%
1986Wildcats
0%
1994Wyatt Earp
0%

Score Distribution

Percentile by Number Answered

Percent of People with Each Score

Your Score History

You have not taken this quiz